000 00511nam a2200181Ia 4500
003 0100
008 130227s9999 xx 000 0 und d
040 _cARRUPELIB
050 _aB829.5.L54 1985
100 _aLingis, Alphonso
_962
245 _aLibido
245 _bthe french existential theories
260 _aBloomington:
_bIndiana University Press,
_c1985
300 _axii
300 _b 128p. 24cm.
650 _bPhenomenology ; Sex ; Philosophy, French - 20th century
_963
942 _2lcc
_cMONOGRAPH
999 _c7308
_d7308